De la pronunciación medieval a la moderna en español

Sparad:
Bibliografiska uppgifter
Huvudupphovsman: Alonso, Amado (Författare, medförfattare)
Materialtyp: Bok
Språk:spanska
Publicerad: Madrid Gredos 1969
Serie:Biblioteca Románica Hispánica. Monografías, 5
Ämnen:
Taggar: Lägg till en tagg
Inga taggar, Lägg till första taggen!

MARC

LEADER 00000nam a2200000 a 4500
001 UCQ3599
003 CL-VaPUC
008 980821e19690000SP |||||||||||||||||spa|d
082 0 4 |a 467.02  |b ALO  |2 21 
100 0 |a Alonso, Amado  |e author  |9 417836 
245 1 0 |a De la pronunciación medieval a la moderna en español 
300 |a 3 v 
942 |c BK 
945 |d 19980821 00:00:00  |a crobeson 
260 |a Madrid  |b Gredos  |c 1969 
650 0 |a Español  |9 255372 
650 7 |a PRONUNCIACION  |2 CL-VaPUC  |9 371723 
650 0 |a Fonética  |9 308371 
650 7 |a DIALECTOS  |2 CL-VaPUC  |9 348323 
650 0 |a Lenguajes varios  |9 416261 
650 7 |a LINGUISTICA COMPARATIVA Y DIACRONICA  |2 CL-VaPUC  |9 410118 
583 |a last modification  |c 19980821 00:00:00  |k Rodrigo Vera 
490 0 |a Biblioteca Románica Hispánica. Monografías, 5 
999 |c 274119  |d 274117 
952 |0 0  |1 0  |4 0  |6 467_020000000000000_ALO_1969  |7 0  |8 A  |9 310191  |a BIBEDU  |b BIBEDU  |d 2019-11-20  |h v.2  |i 1455958  |o 467.02 ALO 1969  |p 1455958  |r 2019-11-20  |w 2019-11-20  |y BK  |k LIT 
952 |0 0  |1 0  |4 0  |6 467_020000000000000_ALO_1969  |7 0  |8 A  |9 310192  |a BIBEDU  |b BIBEDU  |d 2019-11-20  |h v.2  |i 381548K  |o 467.02 ALO 1969  |p 381548K  |r 2019-11-20  |w 2019-11-20  |y BK  |k BME